00631 2200205 4500001002100000008004100021035002000062245011500082100002300197250001000220260004200230300002000272020002200292084001600314520003100330082001000361650003200371990001100403990001100414INLIS000000000014880 ind  a0010-1022000198 aKnow Your Friends: Seni Membaca Maksud Pertemanan di Sekitar AndacMaulana Zulvian Rpenyunting, Herman Adamson aMAULANA, Zulvian R acet.1 aYogyakarta :bPsikologi Corner,c2021 a221 hlmc20 cm. a978-623-244-632-8 a302.2 MAU k aBibliografi.: 220-221 hlm. a302.2 aINTERAKSI SOSIAL.KOMUNIKASI a9715 a a9715 b